Sports Quiz

Random Sports Quiz
Score 0/27 Timer 05:00
0 Plays Today
Position Player % Correct
3BNolan Arenado
94.5%
CNick Hundley
93.7%
SSTroy Tulowitzki
93%
RFCarlos Gonzalez
92.6%
CFCharlie Blackmon
89.7%
LFCorey Dickerson
76.8%
1BJustin Morneau
74.5%
IFDaniel Descalso
70.8%
2BDJ LeMahieu
70.5%
LHP (disabled list)Jorge De La Rosa
69.4%
1BWilin Rosario
64.9%
RHPJordan Lyles
60.9%
RHPAdam Ottavino
53.5%
LHPBoone Logan
51.3%
Position Player % Correct
IFRafael Ynoa
49.8%
RHP Eddie Butler
47.2%
RHPKyle Kendrick
41.7%
CMichael McKenry
41.3%
LHPTyler Matzek
39.9%
RHPLaTroy Hawkins
36.2%
RHPJohn Axford
32.1%
RHPChristian Bergman
31.7%
OFDrew Stubbs
30.6%
RHPRafael Betancourt
21%
LHPChristian Friedrich
19.9%
RHP (disabled list)David Hale
11.4%
RHPBrooks Brown
7.7%
Come Together.
Have Fun.
All Virtual.
We all need to come together. Play Sporcle's virtual live trivia to have fun, connect with people, and get your trivia on. Join a live hosted trivia game for your favorite pub trivia experience done virtually. If a virtual private party is more your thing, go here for details.

You're not logged in!

Compare scores with friends on all Sporcle quizzes.
OR
Log In

Sporcle TV

Today on Sporcle TV


Watch our educational content, quiz creation guides, and fun videos on Sporcle TV.

Show Comments

Extras

Created Jan 13, 2016ReportNominate
Tags:2015, Day Roster, Player, Rocky, Roster

Top Quizzes Today


Score Distribution

Paid Content

Your Account Isn't Verified!

In order to create a playlist on Sporcle, you need to verify the email address you used during registration. Go to your Sporcle Settings to finish the process.

Report this User

Report this user for behavior that violates our Community Guidelines.

Details: